Kanneerum punchiriyum (Record no. 175640)

000 -LEADER
fixed length control field 00272nam a22001097a 4500
082 ## - DEWEY DECIMAL CLASSIFICATION NUMBER
Classification number M3(FTr.)
Item number KHA/K
100 ## - MAIN ENTRY--AUTHOR NAME
Personal name Khaleel Gibran
245 ## - TITLE STATEMENT
Title Kanneerum punchiriyum
260 ## - PUBLICATION, DISTRIBUTION, ETC. (IMPRINT)
Place of publication Kanjirappilly:
Name of publisher Megha,
Year of publication 1995.
650 ## - SUBJECT ADDED ENTRY--TOPICAL TERM
Topical Term Literature Malayalam Translation
942 ## - ADDED ENTRY ELEMENTS (KOHA)
Koha item type Book
Holdings
Withdrawn status Lost status Damaged status Not for loan Permanent Location Current Location Shelving location Date acquired Full call number Accession Number Price effective from Koha item type
Write off       Sree Sankaracharya University of Sanskrit Sree Sankaracharya University of Sanskrit Stacks 20.11.2023 M3(FTr.) KHA/K 009437 20.11.2023 Book